000
00301nam a22001337a 4500
008
190205b xxu||||| |||| 00| 0 eng d
020
_a
896411
041
_a
eng
080
_a
316
100
_a
50
101
_a
SOC
245
_a
The Structure of Social Inequality
_c
Vanfossen, B.E
942
_2
udc
_c
BK
999
_c
53976
_d
53976